ბათუმის შოთა რუსთაველის სახელმწიფო უნივერსიტეტის ბიბლიოთეკა

ბუხჰალტრული აღრიცხვისა და სასამართლო-საბუხჰალტრო ექსპერტიზის საფუძვლები : (ბიბ.ჩანაწერი № 63382)

000 -ლიდერი
ფიქსირებული სიგრძის საკონტროლო ველი 01069nam a22001817a 4500
003 - საკონტროლო ნომრის იდენტიფიკატორი
საკონტროლო ველი Ge_BSU
005 - ბოლო ოპერაციის თარიღი და დრო
საკონტროლო ველი 20250926185747.0
008 - ფიქსირებული სიგრძის მონაცემთა ელემენტები - ზოგადი ინფორმაცია
ფიქსირებული სიგრძის საკონტროლო ველი 250926s1971 ge ||||| |||| 00| 0 geo d
041 ## - ენის კოდი
Language code of text/sound track or separate title geo
080 ## - უნივერსალური ათობითი კლასიფიკაციის ინდექსი
Universal Decimal Classification number 657(075.8)+343.148.5(075.8) გ-96
100 ## - მთავარი ჩანაწერი - პიროვნების სახელი
Personal name გურგენიძე, გივი
9 (RLIN) 25892
245 ## - ცნობა სათაურის შესახებ
Title ბუხჰალტრული აღრიცხვისა და სასამართლო-საბუხჰალტრო ექსპერტიზის საფუძვლები :
Remainder of title უნივერსიტეტის იურიდიული ფაკულტეტის სტუდენტებისათვის /
Statement of responsibility, etc გივი გურგენიძე.
264 ## - წარმოების, გამოცემის, დისტრიბუციის და სხვა ცნობები
გამოცემის, წარმოების, დისტრიბუციის... ადგილი თბილისი :
გამოცემის, წარმოების, დისტრიბუციის... სახელწოდება თბილ. უნ-ტის გამ-ბა,
გამოცემის, წარმოების, დისტრიბუციის... თარიღი 1971.
300 ## - ფიზიკური აღწერა
Extent 373 გვ. ;
Other physical details 22 სმ.
653 ## - INDEX TERM--UNCONTROLLED
Uncontrolled term საბუღალტრო აღრიცხვა
653 ## - INDEX TERM--UNCONTROLLED
Uncontrolled term სასამართლო-საბუღალტრო ექსპერტიზა.
942 ## - ADDED ENTRY ELEMENTS (KOHA)
Source of classification or shelving scheme
Koha item type წიგნი
ეგზემპლარები
ჩამოწერის სტატუსი დაკარგული ეგზემპლარის სტატუსი კლასიფიკაციის წყარო ან თაროზე გაწყობის სქემა დაზიანების სტატუსი არ გაიცემა მუდმივი მდებარეობა (დაცვის ადგილი) ამჟამინდელი ადგილსამყოფელი თაროზე განთავსების ადგილი შეძენის თარიღი ღირებულება, შესყიდვის ნორმალური ფასი სრული შენახვის შიფრი შტრიხკოდი ბოლო ოპერაციის თარიღი ეგზემპლარის მიმდევრობითი ნომერი (კეტერი?) ფასის ძალაში შესვლის თარიღი ეგზემპლარის სახეობა საჯარო შენიშვნა
          ბათუმის შოთა რუსთაველის სახელმწიფო უნივერსიტეტის მთავარი ბიბლიოთეკა ბათუმის შოთა რუსთაველის სახელმწიფო უნივერსიტეტის მთავარი ბიბლიოთეკა წიგნსაცავი 2025-09-26 2.40 657(075.8)+343.148.5(075.8) გ-96 72466 2025-09-26 72466 2025-09-26 წიგნი 2 ლ. 40 თ.